| 000 -LEADER |
| fixed length control field |
00453nam a22001577a 4500 |
| 020 ## - INTERNATIONAL STANDARD BOOK NUMBER |
| ISBN |
978819498417 |
| 082 ## - DEWEY DECIMAL CLASSIFICATION NUMBER |
| Classification number |
M1 |
| Item number |
SRE/A |
| 245 ## - TITLE STATEMENT |
| Title |
Aranmula moonnu charithrakavyangal/ |
| Statement of responsibility, etc |
by Sreerenganathan K P (comp.) |
| 260 ## - PUBLICATION, DISTRIBUTION, ETC. (IMPRINT) |
| Place of publication |
Aranmula: |
| Name of publisher |
Sreerenganathan Aseethy Vandana Samithy, |
| Year of publication |
2022. |
| 300 ## - PHYSICAL DESCRIPTION |
| Number of Pages |
186p. |
| 650 ## - SUBJECT ADDED ENTRY--TOPICAL TERM |
| Topical Term |
Poetry Malayalam |
| 650 ## - SUBJECT ADDED ENTRY--TOPICAL TERM |
| Topical Term |
Literature Malayalam |
| 650 ## - SUBJECT ADDED ENTRY--TOPICAL TERM |
| Topical Term |
Literature |
| 700 ## - ADDED ENTRY--PERSONAL NAME |
| Personal name |
Sreerenganathan K P (comp.) |
| 942 ## - ADDED ENTRY ELEMENTS (KOHA) |
| Koha item type |
Book |